000 00959nam a22002897a 4500
001 5951
003 FISKH
005 20250211082725.0
008 250211b cb ||||| |||| 00| 0 eng d
020 _a9780545263535
040 _aFISKH
_beng
_cFISKH
_dFISKH
050 _aPZ7.M9814 S
082 _a473
100 _aMyers, Anna
_d (1942–)
245 _aSpy! /
_cAnna Myers
250 _aThis edition first published in 2010
260 _aNew York :
_bScholastic,
_c2008.
300 _a211 pages :
_c20 cm
505 _aR
520 _aIn 1774, twelve-year-old Jonah becomes a pupil of Nathan Hale, who inspires him to question his beliefs about the impending revolution, and two years later, Jonah makes a decision that leads to Nathan's execution.
521 8 _a710
_bLexile
521 8 _aR
_bRaz-Plus
650 _2Historical fiction
_aJuvenile fiction
650 _2Middle grade
_aYoung adult
942 _2ddc
_cBK
_n0
999 _c5951
_d5951